| 000 | 00000nas##2200000za#4500 |
| 001 | 9.510741 |
| 003 | CaOODSP |
| 005 | 20200331214515 |
| 007 | ta |
| 008 | 150406c2002||||xxc|| p #||||f| |0fre|d |
| 022 | |a1706-3388 |
| 040 | |aCaOODSP|bfre |
| 041 | |aeng |
| 041 | |afre |
| 043 | |an-cn--- |
| 086 | 1 |aR12-10 |
| 110 | 1 |aCanada.|bAffaires indiennes et du Nord. |
| 245 | 10|aBâtisseurs de l'économie autochtone et du Nord |
| 260 | |aOttawa - Ontario : |bAffaires indiennes et du Nord |
| 310 | |aMensuel |
| 362 | 1 |aAvril 2002-- |
| 563 | |aCouverture souple |
| 691 | 07|aEntrepreneuriat|2gcpds |
| 691 | 07|aEntreprise autochtone|2gcpds |
| 691 | 07|aAffaires autochtones|2gcpds |
| 776 | 0#|tBâtisseurs de l'économie autochtone.|w(CaOODSP)9.502846 |
| 776 | 0#|tBâtisseurs de l'économie autochtone et du Nord|w(CaOODSP)9.502847 |
| 776 | 0#|tBuilding aboriginal and northern economies |w(CaOODSP)9.506451 |
| 776 | 0#|tBuilding aboriginal economies |w(CaOODSP)9.506450 |
| 791 | |tBuilding Aboriginal and northern economies |eeng|w(CaOODSP)9.510740 |